01712nam a2200277 a 4500008004100000020001800041050001700059100001800076245004000094260003600134300003600170650004500206650002000251650003900271995010100310995008000411995010100491995008700592995010100679999001700780952013300797952011900930952013301049952011901182952013301301190710s1988 ||||||||||||||||| || u a9780273025726 aTS 155.6 Haw aHawkes, Barry14aThe CADCAM processcBy Barry Hawkes aLondonbPITMAN Publishungc1988 aviii, 275 pages : illustrations aMANUFACTURING PROCESSES--DATA PROCESSING aCAD/CAM SYSTEMS aINDUSTRIAL DESIGN--DATA PROCESSING D18.00FCBU-MAIN LIBRARY (Kitwe)M3UAVAILABLEWJul 12, 2019ZMain Library Open Access Collection FCBU-MPIKA LIBRARYI17.52M5UAVAILABLEWNov 22, 2019ZShort Loan Collection D18.00FCBU-MAIN LIBRARY (Kitwe)M2UAVAILABLEWJul 12, 2019ZMain Library Open Access Collection FCBU-MAIN LIBRARY (Kitwe)I17.52M4UAVAILABLEWNov 22, 2019ZShort Loan Collection D18.00FCBU-MAIN LIBRARY (Kitwe)M1UAVAILABLEWJul 12, 2019ZMain Library Open Access Collection c62467d62467 00102lcc4070a001b001cMain Library Open Access Collectiond2022-11-30l0oTS 155.6 Hawp749399r2022-11-30w2022-11-30y002 00102lcc4070a003b003cShort Loan Collectiond2022-11-30l0oTS 155.6 Hawp750002r2022-11-30w2022-11-30y002 00102lcc4070a001b001cMain Library Open Access Collectiond2022-11-30l0oTS 155.6 Hawp749400r2022-11-30w2022-11-30y002 00102lcc4070a001b001cShort Loan Collectiond2022-11-30l0oTS 155.6 Hawp750003r2022-11-30w2022-11-30y002 00102lcc4070a001b001cMain Library Open Access Collectiond2022-11-30l0oTS 155.6 Hawp749401r2022-11-30w2022-11-30y002